00468nam a2200109Ia 4500008004100000020001800041245013500059260002200194650008300216650001400299856004500313171212s9999 xx 000 0 und d a9781925021622 ceditor Clark, Ian D.;Hercus, Luise;Kostanski, LauraaIndigenous and Minority PlacenamesbAustralian and International Perspectives bANU E Pressc2014 aNames, Geographical -- Aboriginal Australian; Names, Geographical -- Australia aSociology uhttp://www.jstor.org/stable/j.ctt13www5z